00922nam a2200229 a 450000100060000000300090000600800410001502000150005604000280007108200150009910001110011424500230022526000470024830000240029550001480031965000530046765000520052065000440057265000470061694200120066399900170067523258CO-ViMGA141112s2004 ck r 000 u spa d a9580484082 aCO-ViMGAbspacCO-ViMGA a372.6 C17m1 aCastro Valderrama, Heublyn \ García González, María del Pilar \ Torres Mantilla, Blanca Isabel9425110aMultisaberes 1 - 5 aColombia : bGrupo Editorial Norma, c2005 a312 p. : il. 28 cm. aLibro de texto para básica primaria que desarrolla los currículos del MEN en las áreas de castellano, matemáticas, sociales y ciencias.14aCiencias naturales - Enseñanza primaria 9425214aCiencias sociales - Enseñanza primaria 9425314aEspañol - Enseñanza primaria 9425414aMatemáticas - Enseñanza primaria94255 2ddccBK c11652d11652